Statistics for Band Names (Fill in the blanks)

Click here to take the quiz!

General Stats

  • This quiz has been taken 65 times
  • The average score is 6 of 15

Answer Stats

HintAnswer% Correct
__ ________ RomanceMy Chemical
86%
Sleeping____Sirenswith
76%
Black Veil _____Brides
67%
______ the VeilPierce
63%
_____ __ ___ HorizonBring Me The
57%
Of ____ & ___Mice Men
51%
______ Burns RedAugust
35%
________ May FireMemphis
35%
Miss ___ IMay
33%
May___ ______day Parade
24%
___ Time ___All Low
20%
P_______aramore
14%
__________ in _____Motionless White
14%
_____linanber
8%
______ and WhisperSecret
4%

Score Distribution

Percentile by Number Answered

Percent of People with Each Score

Your Score History

You have not taken this quiz